00418nam a2200169Ia 4500008004100000020001800041245003300059245004100092260001500133260001600148260000900164300001500173300002200188300001000210440002000220500000800240170705s9999 xx 000 0 und d a9780545404624 aHorrible Harry goes cuckoo / cSuzy Kline ; pictures by Amy Wummer. aNew York : bScholastic, c2010 a70 pages : bblack and white ; c19cm. aHorrible Harry. a530